001870000a220007300045001000019000002450034000193000046000537730014000991 aNeira, Armando10aMujeres al borde de un ataque aVol. 23, Núm 23 (1993), Páginas 14-230 tCambio 16